『地球の歩き方』のタイトル - Statistics

General Stats
  • This quiz has been taken 165 times
  • The average score is 82 of 143
Answer Stats
番号 タイトル % Correct
A06 フランス
90%
A29 北欧 デンマーク ノルウェー スウェーデン フィンランド
89%
A31 ロシア ベラルーシ ウクライナ モルドヴァ コーカサスの国々
89%
A02 イギリス
88%
A14 ドイツ
88%
D17 タイ
88%
A07 パリ&近郊の町
86%
A09 イタリア
86%
J20 大阪
86%
A19 オランダ ベルギー ルクセンブルク
85%
A20 スペイン
84%
A26 チェコ ポーランド スロヴァキア
84%
B01 アメリカ
84%
B16 カナダ
84%
A18 スイス
83%
J03 京都
83%
B21 ブラジル ベネズエラ
82%
D25 インドネシア
82%
D28 インド
82%
D37 韓国
82%
A10 ローマ
81%
B19 メキシコ
81%
D01 中国
81%
A03 ロンドン
80%
J04 沖縄
80%
B23 ペルー ボリビア エクアドル コロンビア
80%
A23 ポルトガル
79%
C10 オーストラリア
79%
D03 北京
79%
D09 香港 マカオ 深圳
79%
E03 イスタンブールとトルコの大地
79%
C01 ハワイ オアフ島&ホノルル
78%
D02 上海 杭州 蘇州
78%
D21 ベトナム
78%
A24 ギリシア エーゲ海の島々&キプロス
78%
B22 アルゼンチン チリ パラグアイ ウルグアイ
78%
D10 台湾
77%
A16 ベルリンと北ドイツ ハンブルク ドレスデン ライプツィヒ
76%
D19 マレーシア ブルネイ
75%
A11 ミラノ ヴェネツィアと湖水地方
73%
A17 ウィーンとオーストリア
73%
E02 エジプト
73%
B06 ニューヨーク マンハッタン&ブルックリン
73%
D20 シンガポール
72%
D38 ソウル
71%
J15 広島
71%
A05 アイルランド
69%
C09 ニュージーランド
69%
J21 みちのく 福島 宮城 岩手 青森
69%
D27 フィリピン マニラ セブ ボラカイ ボホール エルニド
69%
A28 ブルガリア ルーマニア
68%
E10 南アフリカ
68%
B24 キューバ バハマ ジャマイカ カリブの島々
68%
A21 マドリードとアンダルシア
67%
B03 ロスアンゼルス
67%
C12 シドニー&メルボルン
67%
D23 ラオス
67%
D24 ミャンマー(ビルマ)
67%
E06 イラン ペルシアの旅
67%
J00 日本
67%
J05 北海道
65%
C04 グアム
64%
D14 モンゴル
64%
E09 東アフリカ ウガンダ エチオピア ケニア タンザニア ルワンダ
64%
D22 アンコール・ワットとカンボジア
63%
E07 モロッコ
63%
J08 千葉
63%
A15 南ドイツ フランクフルト ミュンヘン ロマンティック街道 古城街道
63%
B08 ワシントンDC ボルチモア アナポリス フィラデルフィア
63%
D32 パキスタン
61%
A22 バルセロナ&近郊の町 イビサ島/マヨルカ島
61%
A33 クロアチア スロヴェニア
60%
B11 シカゴ
60%
E05 イスラエル
60%
J16 横浜市
59%
D06 成都 重慶 九寨溝 麗江 四川 雲南
59%
B04 サンフランシスコとシリコンバレー
58%
D29 ネパールとヒマラヤトレッキング
57%
J10 愛知
57%
J23 信州
57%
J09 札幌・小樽 札幌10区・北広島・ 登別・余市・ニセコ・積丹
57%
D11 台北
56%
J12 四国
56%
A30 バルトの国々 エストニア ラトヴィア リトアニア
56%
E01 ドバイとアラビア半島の国々
55%
B05 シアトル ポートランド
54%
B10 フロリダ
54%
A08 南仏 プロヴァンス コート・ダジュール&モナコ
54%
A27 ハンガリー
53%
B07 ボストン
53%
J07 埼玉
53%
B17 カナダ西部 カナディアン・ロッキーとバンクーバー
53%
B15 アラスカ
52%
D18 バンコク
51%
D05 広州 アモイ 桂林 珠江デルタと華南地方
51%
A13 南イタリアとシチリア
50%
J17 群馬
50%
B09 ラスベガス セドナ&グランドキャニオンと大西部
50%
D04 大連 瀋陽 ハルビン 中国東北地方の自然と文化
50%
D31 ブータン
48%
J18 茨城
48%
J19 栃木
48%
B14 ダラス ヒューストン デンバー グランドサークル フェニックス サンタフェ
48%
A01 ヨーロッパ
47%
D34 釜山 慶州
47%
E08 チュニジア
47%
J14 東京の島々 伊豆大島・利島・新島・ 式根島・神津島・三宅島・御蔵島・八丈島・ 青ヶ島・小笠原―父島・母島―
46%
D30 スリランカ
45%
D35 バングラデシュ
45%
J06 神奈川
44%
D08 チベット
43%
D13 台南 高雄 屏東&南台湾の町
43%
C03 サイパン ロタ&テニアン
42%
A04 湖水地方&スコットランド
41%
C08 モルディブ
40%
E12 マダガスカル
40%
C05 タヒチ イースター島
36%
E04 ペトラ遺跡とヨルダン レバノン
36%
A25 中欧
33%
C06 フィジー
31%
C11 ゴールドコースト&ケアンズ グレートバリアリーフ ハミルトン島
31%
J02 東京 多摩地域
29%
D33 マカオ
27%
J13 北九州市
27%
D26 バリ島
26%
A32 極東ロシア シベリア サハリン
25%
E11 リビア
25%
D15 中央アジア シルクロードの国々
24%
J01 東京 23区
24%
D07 西安 敦煌 ウルムチ シルクロードと中国西北部
23%
C07 ニューカレドニア
22%
A12 フィレンツェとトスカーナ 中部イタリアの美しき村々
20%
B20 中米
18%
C02 ハワイ島
16%
D16 東南アジア
13%
B18 カナダ東部
11%
B02 アメリカ西海岸
10%
D36 南インド
10%
J22 徳島
7%
B12 アメリカ南部
5%
J11 世田谷区
5%
B13 アメリカの国立公園
4%
B25 アメリカ・ドライブ
4%
No matching quizzes found
Score Distribution
Percent of People with Each Score
Percentile by Number Answered
Your Score History
You have not taken this quiz